000
00278nam a2200097Ia 4500
008
240331s9999 xx 000 0 und d
082
_b
PEN
100
_a
Cenwor. ed
245
0
_a
Penkalukana aikiya naadukal thasaptam :
_b
illankayilulla penkalin munettramum sathanaikalum
942
_c
L
999
_c
1843
_d
1843